| 000 -CABECERA |
| Longitud fija campo de control |
00580nam a2200193 a 4500 |
| 001 - NÚMERO DE CONTROL |
| Número de control |
2202 |
| 003 - IDENTIFICADOR DEL NÚMERO DE CONTROL |
| Identificador del número de control |
CDMR |
| 005 - FECHA Y HORA DE LA ÚLTIMA TRANSACCIÓN |
| Fecha y hora de la última transacción |
20131007164156.0 |
| 008 - CÓDIGOS DE INFORMACIÓN DE LONGITUD FIJA |
| Códigos de información de longitud fija |
130130s1993||||||||||||||||||||||||||||d |
| 040 ## - FUENTE DE LA CATALOGACIÓN |
| Centro catalogador de origen |
CDMR |
| Lengua de catalogación |
cat |
| Centro transcriptor |
CDMR |
| 100 1# - PUNTO DE ACCESO PRINCIPAL-NOMBRE DE PERSONA |
| Nombre de persona |
Sol Clot, Romà |
| 9 (RLIN) |
47 |
| 245 13 - MENCIÓN DE TÍTULO |
| Título |
La premsa de Lleida dia a dia |
| Mención de responsabilidad, etc. |
Romà Sol Clot i Carme Torres |
| 260 ## - PUBLICACIÓN, DISTRIBUCIÓN, ETC. (PIE DE IMPRENTA) |
| Lugar de publicación, distribución, etc. |
Lleida |
| Fecha de publicación, distribución, etc. |
1993 |
| Nombre del editor, distribuidor, etc. |
Nou Diari de Lleida |
| 300 ## - DESCRIPCIÓN FÍSICA |
| Dimensiones |
30 cm |
| 500 ## - NOTA GENERAL |
| Nota general |
En format de dietari, el text ocupa la part inferior de cada plana |
| 500 ## - NOTA GENERAL |
| Nota general |
Al llom "Agenda 1994" |
| 650 04 - PUNTO DE ACCESO ADICIONAL DE MATERIA - TÉRMINO DE MATERIA |
| 9 (RLIN) |
1635 |
| Término de materia o nombre geográfico como elemento inicial |
Premsa |
| Subdivisión geográfica |
Lleida |
| Subdivisión cronológica |
1808-1916 |
| 942 ## - ENTRADA DE ELEMENTOS AGREGADOS (KOHA) |
| Koha [por defecto] tipo de item |
Monografies |
| Fuente de clasificaión o esquema |
|